Indice general de la synopsis histórica de España (Record no. 8642)

MARC details
000 -CABECERA
campo de control de longitud fija 00817nam a2200205 a 4500
001 - NÚMERO DE CONTROL
campo de control BRCA_8991
005 - FECHA Y HORA DE LA ÚLTIMA TRANSACCIÓN
campo de control 20190320210502.0
008 - DATOS DE LONGITUD FIJA--INFORMACIÓN GENERAL
campo de control de longitud fija 130717s1791----sp-#######---#000-0#spa-#
041 ## - CÓDIGO DE LENGUA
Código de lengua del texto/banda sonora o título independiente spa
044 ## - CÓDIGO DEL PAÍS DE LA ENTIDAD EDITORA/PRODUCTORA
Código MARC del país sp
084 ## - OTRO NÚMERO DE CLASIFICACIÓN
Número de clasificación LM6
Número de documento/Ítem .F47 1791
100 1# - ENTRADA PRINCIPAL--NOMBRE DE PERSONA
Nombre de persona Ferreras, Juan de
9 (RLIN) 22312
245 10 - MENCIÓN DE TÍTULO
Título Indice general de la synopsis histórica de España
Mención de responsabilidad, etc. compuesta por Don Juan de Ferreras, Cura que fue de las Parroquias de San Pedro, y San Andrés de esta Corte, y Bibliotecario mayor del Rey nuestro Señor.
260 ## - PUBLICACIÓN, DISTRIBUCIÓN, ETC.
Lugar de publicación, distribución, etc. Madrid
Nombre del editor, distribuidor, etc. En la Imprenta de la Viuda de don Joachin Ibarra
Fecha de publicación, distribución, etc. 1791
300 ## - DESCRIPCIÓN FÍSICA
Extensión 716 p.
Dimensiones 21.5 x 16 cm
500 ## - NOTA GENERAL
Nota general Estado físico: presenta encuadernación en pergamino y presencia del pez de plata
650 14 - PUNTO DE ACCESO ADICIONAL DE MATERIA--TÉRMINO DE MATERIA
Término de materia o nombre geográfico como elemento de entrada Historia
Subdivisión cronológica Obras anteriores a 1800
Subdivisión geográfica España
9 (RLIN) 22313
902 ## - CATALOGADOR
Iniciales CFM
942 ## - ELEMENTOS DE PUNTO DE ACCESO ADICIONAL (KOHA)
Fuente del sistema de clasificación o colocación Library of Congress Classification
Tipo de ítem Koha Libros
Holdings
Estado de retiro Estado de pérdida Estado dañado No para préstamo Localización permanente Ubicación/localización actual Fecha de adquisición Total de préstamos Signatura topográfica completa Código de barras Fecha visto por última vez Precio válido a partir de Tipo de ítem Koha
El ejemplar forma parte de la colección y puede ser consultado según las políticas vigentes.       Biblioteca del Museo Franz Mayer (Rogerio Casas-Alatriste) Biblioteca del Museo Franz Mayer (Rogerio Casas-Alatriste) 13/07/2017   LM6 .F47 1791 CFM00274 22/03/2019 22/03/2019 Libros